| 000 | 00631nam a22001817a 4500 | ||
|---|---|---|---|
| 999 |
_c5549 _d5549 |
||
| 003 | OSt | ||
| 005 | 20220420112127.0 | ||
| 008 | 220420b ||||| |||| 00| 0 eng d | ||
| 020 | _a- | ||
| 040 | _cALUPE UNIVERSITY | ||
| 050 |
_aRB53 _b.M63 1976 |
||
| 245 |
_aModern urine chemistry : _b a guide to the diagnosis and metabolic disorders of urinary tract diseases. |
||
| 260 |
_aElkart, Ind. : _b Ames Division, Miles Laboratories _c.c 1979 |
||
| 300 |
_a85p; _b illustrations ; _c 23 cm |
||
| 504 | _aIncludes bibliographical references | ||
| 650 | _a Urine -- Analysis. Urinary tract infections. Urinalysis. | ||
| 942 |
_2lcc _cBK _nBA |
||